La viña de Naboth : (Record no. 13672)
[ view plain ]
| 000 -CABECERA | |
|---|---|
| campo de control de longitud fija | 01053nam a2200253 a 4500 |
| 001 - NÚMERO DE CONTROL | |
| campo de control | 000014070 |
| 003 - IDENTIFICADOR DEL NÚMERO DE CONTROL | |
| campo de control | OSt |
| 005 - FECHA Y HORA DE LA ÚLTIMA TRANSACCIÓN | |
| campo de control | 20240422101416.0 |
| 008 - DATOS DE LONGITUD FIJA--INFORMACIÓN GENERAL | |
| campo de control de longitud fija | 091203s1939 dr 001 0 spa d |
| 040 ## - FUENTE DE LA CATALOGACIÓN | |
| Centro catalogador/agencia de origen | DO-SdBNP |
| Lengua de catalogación | spa |
| Centro/agencia transcriptor | BNPHU |
| 082 #4 - NÚMERO DE LA CLASIFICACIÓN DECIMAL DEWEY | |
| Número de clasificación | 972.9305 |
| Número de documento/Ítem | W449v, 1939 |
| 100 1# - ENTRADA PRINCIPAL--NOMBRE DE PERSONA | |
| Nombre de persona | Welles, Benjamin Sumner, |
| Fechas asociadas al nombre | 1892-1961 |
| 9 (RLIN) | 31871 |
| 240 10 - TÍTULO UNIFORME | |
| Título uniforme | Naboths Vineyard: the Dominican Republic 1844-1924 |
| Lenguaje de la obra | español |
| 245 13 - MENCIÓN DE TÍTULO | |
| Título | La viña de Naboth : |
| Resto del título | la República Dominicana 1844-1924 / |
| Mención de responsabilidad, etc. | Sumner Welles ; prólogo y traducción de Manfredo A. Moore. |
| 260 ## - PUBLICACIÓN, DISTRIBUCIÓN, ETC. | |
| Lugar de publicación, distribución, etc. | Santiago, República Dominicana : |
| Nombre del editor, distribuidor, etc. | El Diario, |
| Fecha de publicación, distribución, etc. | 1939. |
| 300 ## - DESCRIPCIÓN FÍSICA | |
| Extensión | 2 v. ; |
| Dimensiones | 23 cm. |
| 500 ## - NOTA GENERAL | |
| Nota general | Traducido del inglés. |
| 651 #0 - PUNTO DE ACCESO ADICIONAL DE MATERIA--NOMBRE GEOGRÁFICO | |
| Nombre geográfico | República Dominicana -- |
| Subdivisión general | Historia -- |
| Subdivisión cronológica | Ocupación norteamericana, 1916-1924 |
| 9 (RLIN) | 1926 |
| 651 #4 - PUNTO DE ACCESO ADICIONAL DE MATERIA--NOMBRE GEOGRÁFICO | |
| Nombre geográfico | República Dominicana |
| Subdivisión general | Relaciones Exteriores |
| Subdivisión geográfica | Estados Unidos |
| 9 (RLIN) | 6308 |
| 651 #4 - PUNTO DE ACCESO ADICIONAL DE MATERIA--NOMBRE GEOGRÁFICO | |
| Nombre geográfico | Estados Unidos |
| Subdivisión general | Relaciones Exteriores |
| Subdivisión geográfica | República Dominicana |
| 9 (RLIN) | 6309 |
| 700 1# - PUNTO DE ACCESO ADICIONAL--NOMBRE DE PERSONA | |
| Nombre de persona | Moore, Manfredo A. |
| Término indicativo de función/relación | tr. |
| 9 (RLIN) | 31872 |
| 910 ## - DATOS DE OPCIÓN DEL USUARIO (OCLC) | |
| Datos de opción del usuario | Validado. Control de calidad MMOLINA |
| 942 ## - ELEMENTOS DE PUNTO DE ACCESO ADICIONAL (KOHA) | |
| Fuente del sistema de clasificación o colocación | Dewey Decimal Classification |
| Tipo de ítem Koha | Libro |
| Estado de retiro | Estado de pérdida | Restricciones de uso | No para préstamo | Código de colección | Localización permanente | Ubicación/localización actual | Ubicación en estantería | Fecha de adquisición | Número de inventario | Total de préstamos | Signatura topográfica completa | Código de barras | Fecha visto por última vez | Precio válido a partir de | Tipo de ítem Koha | Nota pública |
|---|---|---|---|---|---|---|---|---|---|---|---|---|---|---|---|---|
| Excluido de préstamo | Raros y valiosos | General | General | Depósito | 11.06.2013 | LF1 | 972.9305 W449v, 1939 | v. 1, e. 3 | 14070-30 | 25.06.2020 | 25.06.2020 | No se presta | |||||
| Extraviado | Raros y valiosos | General | General | Extraviado | 13.06.2013 | LF1 | 972.9305 W449v, 1939 | v.1, e.4 | 14070-40 | 25.06.2020 | 25.06.2020 | Préstamo en sala | |||||
| Raros y valiosos | General | General | Depósito | 18.07.2019 | LF1 | 972.9305 W449v, 1939 | v.2, e.3 | 14070-70 | 25.06.2020 | 25.06.2020 | Préstamo en sala | Perteneció a la biblioteca personal de la familia Reyes Duluc. | |||||
| Excluido de préstamo | Raros y valiosos | Patrimonio Dominicano | Patrimonio Dominicano | Depósito | 03.12.2009 | LF1 | 972.9305 W449v, 1939 | v.1 | 14070-10 | 25.06.2020 | 25.06.2020 | No se presta | Perteneció a la biblioteca personal de Viviani Luna. | ||||
| Excluido de préstamo | Raros y valiosos | Patrimonio Dominicano | Patrimonio Dominicano | Depósito | 06.05.2011 | LF1 | 972.9305 W449v, 1939 | v.1, e.2 | 14070-20 | 25.06.2020 | 25.06.2020 | No se presta | Perteneció a la biblioteca personal de Viviani Luna. | ||||
| Excluido de préstamo | Raros y valiosos | Patrimonio Dominicano | Patrimonio Dominicano | Depósito | 13.06.2013 | LF1 | 972.9305 W449v, 1939 | v.2 | 14070-50 | 25.06.2020 | 25.06.2020 | No se presta | Perteneció a la biblioteca personal de German Emilio Ornes. | ||||
| Excluido de préstamo | Raros y valiosos | Patrimonio Dominicano | Patrimonio Dominicano | Depósito | 13.06.2013 | LF1 | 972.9305 W449v, 1939 | v.2, e.2 | 14070-60 | 25.06.2020 | 25.06.2020 | No se presta |
